Black, Green, and Red Flags - Statistics

General Stats
  • This quiz has been taken 13 times
    7 since last reset
  • The average score is 10 of 10
Answer Stats
Picture Answer % Correct
Afghanistan
100%
Iraq
100%
Jordan
100%
Kenya
100%
Libya
100%
Sudan
100%
Syria
100%
United Arab Emirates
100%
Kuwait
83%
Malawi
83%
South Sudan
80%
No matching quizzes found
Score Distribution
Percent of People with Each Score
Percentile by Number Answered
Your Score History
You have not taken this quiz since the last reset